[Event "Mislata op 53rd"]
[Site "Mislata"]
[Date "2019.08.23"]
[Round "7"]
[White "Aguado Doncel, Pablo Luis"]
[Black "Relea, Nicolas"]
[Result "1-0"]
[WhiteElo "1909"]
[BlackElo "2025"]
[PlyCount "81"]
[EventDate "2019.08.19"]
[EventType "swiss"]
[EventRounds "9"]
[EventCountry "ESP"]
[SourceTitle "EXT 2020"]
[Source "ChessBase"]
[SourceDate "2019.10.17"]
[SourceVersion "1"]
[SourceVersionDate "2019.10.17"]
[SourceQuality "1"]

1. d4 Nc6 2. d5 Ne5 3. e4 Ng6 4. f4 e5 5. Qf3 exf4 6. Bxf4 Qf6 7. Bc1 Bc5 8. Nc3 Qb6 9. Nh3 d6 10. Bb5+ c6 11. dxc6 bxc6 12. Rf1 Ne5 13. Qg3 Bxh3 14. gxh3 Ne7 15. Bg5 N7g6 16. Ba4 0-0 17. 0-0-0 Qa5 18. Bb3 Rab8 19. h4 Rxb3 20. axb3 f6 21. h5 fxg5 22. hxg6 Nxg6 23. Rxf8+ Nxf8 24. Na4 h6 25. Nxc5 Qxc5 26. Kb1 d5 27. exd5 cxd5 28. Qe5 Kh7 29. Rxd5 Qg1+ 30. Ka2 Ng6 31. Qc7 Qf1 32. Qxa7 Qe2 33. Rd7 Qe5 34. c4 Nf4 35. c5 Nd5 36. Qb7 Nf4 37. Re7 Qf6 38. Qe4+ Kg8 39. c6 Nd3 40. Qc4+ Kf8 41. Rf7+ 1-0

[Event "Berlin Lichtenberger op 14th"]
[Site "Berlin"]
[Date "2015.08.22"]
[Round "8"]
[White "Lawrenz, Sebastian"]
[Black "Relea, Nicolas"]
[Result "1-0"]
[WhiteElo "1910"]
[BlackElo "2085"]
[PlyCount "59"]
[EventDate "2015.08.15"]
[EventType "swiss"]
[EventRounds "9"]
[EventCountry "GER"]
[SourceTitle "EXT 2016"]
[Source "ChessBase"]
[SourceDate "2015.10.08"]
[SourceVersion "1"]
[SourceVersionDate "2015.10.08"]
[SourceQuality "1"]

1. e4 c5 2. Nf3 e6 3. d4 cxd4 4. Nxd4 a6 5. Nc3 Qc7 6. Be3 Nc6 7. Qd2 d6 8. Be2 Be7 9. f4 b5 10. 0-0 Bb7 11. a3 Nf6 12. Nb3 Rd8 13. Bf3 Nb8 14. Qf2 Nbd7 15. Rad1 0-0 16. g4 Nc5 17. Nxc5 dxc5 18. g5 Nd7 19. h4 b4 20. axb4 cxb4 21. Na4 Rc8 22. Rd2 Bc6 23. Nc5 Nxc5 24. Bxc5 Bxc5 25. Qxc5 Qxf4 26. Qxb4 Bb5 27. Rff2 Qg3+ 28. Bg2 Rc4 29. Qe7 Rxe4 30. Qxf7+ 1-0

[Event "Berlin Lichtenberger op 14th"]
[Site "Berlin"]
[Date "2015.08.19"]
[Round "5"]
[White "Relea, Nicolas"]
[Black "Khorolskyi, Borys"]
[Result "1-0"]
[WhiteElo "2085"]
[BlackElo "1936"]
[PlyCount "59"]
[EventDate "2015.08.15"]
[EventType "swiss"]
[EventRounds "9"]
[EventCountry "GER"]
[SourceTitle "EXT 2016"]
[Source "ChessBase"]
[SourceDate "2015.10.08"]
[SourceVersion "1"]
[SourceVersionDate "2015.10.08"]
[SourceQuality "1"]

1. d4 e6 2. Nc3 b6 3. e4 Bb7 4. Bd3 Bb4 5. a3 Bxc3+ 6. bxc3 Nf6 7. Qe2 d6 8. Nf3 Nbd7 9. 0-0 e5 10. Nh4 g6 11. f4 Nh5 12. Qf2 Nxf4 13. Bxf4 exf4 14. Qxf4 0-0 15. Qh6 Qe7 16. Rae1 Rae8 17. Nf3 f6 18. Bc4+ Kh8 19. Bd3 Qg7 20. Qh3 Re7 21. Nh4 Rfe8 22. Re3 Bxe4 23. Bxe4 f5 24. Nxg6+ Qxg6 25. Bxf5 Qg5 26. Rg3 Qd2 27. Bxd7 Rg8 28. Rxg8+ Kxg8 29. Qg4+ Rg7 30. Be6+ 1-0

[Event "Berlin Lichtenberger op 14th"]
[Site "Berlin"]
[Date "2015.08.17"]
[Round "3"]
[White "Relea, Nicolas"]
[Black "Seefeld, Marc"]
[Result "1-0"]
[WhiteElo "2085"]
[BlackElo "1894"]
[PlyCount "63"]
[EventDate "2015.08.15"]
[EventType "swiss"]
[EventRounds "9"]
[EventCountry "GER"]
[SourceTitle "EXT 2016"]
[Source "ChessBase"]
[SourceDate "2015.10.08"]
[SourceVersion "1"]
[SourceVersionDate "2015.10.08"]
[SourceQuality "1"]

1. e4 g6 2. Nc3 Bg7 3. f4 d6 4. Bc4 e5 5. d3 exf4 6. Bxf4 Nf6 7. Qd2 Be6 8. Bb3 Bxb3 9. axb3 Nbd7 10. Nf3 Nc5 11. 0-0 0-0 12. Bh6 Ne6 13. Bxg7 Kxg7 14. d4 c6 15. d5 Qb6+ 16. Kh1 Nc5 17. Qf4 Qd8 18. b4 Nh5 19. Qd2 Na6 20. dxc6 Qb6 21. b5 Nc5 22. Nd5 Nxe4 23. Nxb6 Nxd2 24. Nxa8 Nxf1 25. cxb7 Ne3 26. Nc7 Nf6 27. Rxa7 Nd7 28. Nd4 Ng4 29. Nde6+ fxe6 30. Nxe6+ Kf7 31. Nxf8 Kxf8 32. Ra8+ 1-0

[Event "Berlin Lichtenberger op 14th"]
[Site "Berlin"]
[Date "2015.08.16"]
[Round "2"]
[White "Kreutzmann, Duke"]
[Black "Relea, Nicolas"]
[Result "1-0"]
[WhiteElo "1835"]
[BlackElo "2085"]
[PlyCount "101"]
[EventDate "2015.08.15"]
[EventType "swiss"]
[EventRounds "9"]
[EventCountry "GER"]
[SourceTitle "EXT 2016"]
[Source "ChessBase"]
[SourceDate "2015.10.08"]
[SourceVersion "1"]
[SourceVersionDate "2015.10.08"]
[SourceQuality "1"]

1. c4 e5 2. Nc3 Nc6 3. g3 f5 4. Bg2 Nf6 5. e3 d5 6. cxd5 Nb4 7. d3 c6 8. a3 Nbxd5 9. Nge2 Be6 10. 0-0 Bd6 11. e4 fxe4 12. dxe4 Nxc3 13. Nxc3 0-0 14. Qc2 Ng4 15. h3 Nxf2 16. Rxf2 Bc5 17. Nd1 Qb6 18. b4 Bd4 19. Bb2 Rad8 20. Bxd4 Qxd4 21. Rc1 Rf7 22. Kh2 Rxf2 23. Nxf2 Qe3 24. Rd1 Rf8 25. Nd3 b6 26. Qc1 Qe2 27. Qd2 Qh5 28. Re1 g5 29. Qe3 Bxh3 30. Bxh3 g4 31. Nf2 gxh3 32. Nxh3 Rf3 33. Qg5+ Qxg5 34. Nxg5 Rxa3 35. Rc1 Rb3 36. Rxc6 Rxb4 37. Rc8+ Kg7 38. Rc7+ Kg6 39. Nf3 a5 40. Nxe5+ Kg5 41. Rc4 Rb2+ 42. Kh3 Kf6 43. Nf3 b5 44. Rc6+ Ke7 45. Ra6 a4 46. Nd4 Kd7 47. e5 Kc7 48. e6 Rb1 49. e7 Re1 50. Ne6+ Kd7 51. Ra7+ 1-0

[Event "Basque-chT"]
[Site "Bergara"]
[Date "2012.02.18"]
[Round "6"]
[White "Munoz Perez, Ivan"]
[Black "Relea, Nicolas"]
[Result "1-0"]
[WhiteElo "2291"]
[BlackElo "2149"]
[PlyCount "89"]
[EventDate "2012.01.14"]
[EventType "team"]
[EventRounds "9"]
[EventCountry "ESP"]
[SourceTitle "EXT 2013"]
[Source "ChessBase"]
[SourceDate "2012.11.22"]
[SourceVersion "1"]
[SourceVersionDate "2012.11.22"]
[SourceQuality "1"]
[WhiteTeam "Batalla"]
[BlackTeam "Orvina"]
[WhiteTeamCountry "ESP"]
[BlackTeamCountry "ESP"]

1. e4 Nc6 2. d4 d5 3. e5 Bf5 4. c3 f6 5. f4 e6 6. Nf3 Nge7 7. Bd3 Qd7 8. 0-0 Be4 9. Re1 f5 10. Bf1 h6 11. Nbd2 g5 12. fxg5 Ng6 13. gxh6 Bxh6 14. Nxe4 dxe4 15. Ng5 0-0-0 16. Nh3 Rdg8 17. Kh1 Bxc1 18. Qxc1 Rxh3 19. gxh3 Nh4 20. Bc4 Nf3 21. Qh6 Nd8 22. Re3 Qc6 23. Bb3 a5 24. Rf1 a4 25. Bd1 Qb5 26. Re2 Qd5 27. Qe3 Rh8 28. Ref2 Rxh3 29. Bxf3 exf3 30. Rxf3 Nf7 31. Kg1 Rh4 32. Rg3 Re4 33. Qf3 Qxa2 34. Rg8+ Nd8 35. Qg2 Qd5 36. h3 b5 37. Kh2 b4 38. Rf2 a3 39. bxa3 bxc3 40. Rc2 Qxd4 41. Rg3 Qxe5 42. Qf3 f4 43. Rg4 Nc6 44. Qxc3 f3+ 45. Qxe5 1-0

[Event "FRA-chT2 South 0809"]
[Site "France"]
[Date "2009.04.04"]
[Round "10.3"]
[White "Relea, Nicolas"]
[Black "Gaudineau, Eric"]
[Result "0-1"]
[WhiteElo "2199"]
[BlackElo "2323"]
[PlyCount "72"]
[EventDate "2008.10.12"]
[EventType "tourn"]
[EventRounds "11"]
[EventCountry "FRA"]
[SourceTitle "EXT 2010"]
[Source "ChessBase"]
[SourceDate "2010.11.25"]
[SourceVersion "1"]
[SourceVersionDate "2010.11.25"]
[SourceQuality "1"]
[WhiteTeam "Condom"]
[BlackTeam "Vitrolles"]
[WhiteTeamCountry "FRA"]
[BlackTeamCountry "FRA"]

1. Nc3 d5 2. e4 d4 3. Nce2 c5 4. Ng3 a6 5. a4 Nc6 6. d3 e5 7. Be2 Nf6 8. Nf3 g6 9. 0-0 Bg7 10. h3 Rb8 11. a5 0-0 12. Bd2 Ne8 13. Nh2 Nd6 14. f4 exf4 15. Bxf4 Ne5 16. Nf3 f6 17. Nxe5 fxe5 18. Bd2 Rxf1+ 19. Nxf1 c4 20. Nh2 b6 21. Bg4 Qc7 22. Bxc8 Rxc8 23. Qg4 c3 24. bxc3 dxc3 25. Be3 b5 26. Qe6+ Kh8 27. Bb6 Qc6 28. Rf1 Nb7 29. Qxc6 Rxc6 30. Rf7 Nd6 31. Ra7 b4 32. Ng4 b3 33. cxb3 c2 34. Be3 h5 35. Ra8+ Kh7 36. Nf2 Nb5 0-1

[Event "FRA-chT2 South 0809"]
[Site "France"]
[Date "2009.01.17"]
[Round "5.1"]
[White "Relea, Nicolas"]
[Black "Rodriguez Cespedes, Amador"]
[Result "0-1"]
[WhiteElo "2179"]
[BlackElo "2479"]
[PlyCount "120"]
[EventDate "2008.10.12"]
[EventType "tourn"]
[EventRounds "11"]
[EventCountry "FRA"]
[SourceTitle "EXT 2010"]
[Source "ChessBase"]
[SourceDate "2010.11.25"]
[SourceVersion "1"]
[SourceVersionDate "2010.11.25"]
[SourceQuality "1"]
[WhiteTeam "Condom"]
[BlackTeam "Montpellier Diagonale"]
[WhiteTeamCountry "FRA"]
[BlackTeamCountry "FRA"]

1. Nc3 d5 2. e4 d4 3. Nce2 Nc6 4. Ng3 Nf6 5. Bb5 Bd7 6. d3 e6 7. Nf3 Bc5 8. 0-0 0-0 9. Bxc6 Bxc6 10. Ne5 Ba4 11. b3 Be8 12. f4 Nd7 13. Qg4 Kh8 14. Nxd7 Qxd7 15. f5 e5 16. Qh4 f6 17. Nh1 Be7 18. g4 Qd8 19. Rf3 Bf7 20. Ng3 a5 21. a4 Ra6 22. Bd2 Rc6 23. Rc1 h6 24. Nh5 Bg8 25. Rh3 Ba3 26. g5 Bxc1 27. gxf6 Rfxf6 28. Nxf6 Qxf6 29. Qxf6 Rxf6 30. Bxc1 Rc6 31. Bg5 Rxc2 32. f6 Bxb3 33. Rf3 gxf6 34. Bxf6+ Kg8 35. Bxe5 Bxa4 36. Bxd4 Bb5 37. Be3 Kg7 38. d4 Bd3 39. e5 Be4 40. Rf6 Rg2+ 41. Kf1 Rg6 42. Rf2 b5 43. h4 h5 44. Bg5 Rc6 45. Ke1 b4 46. Be7 Rc1+ 47. Kd2 Rc2+ 48. Ke3 Rxf2 49. Kxf2 Kf7 50. Bc5 Ke6 51. Ke3 Bg6 52. Kd2 Kd5 53. Kc1 Bf7 54. Kc2 Kc4 55. Kb2 a4 56. Kc2 a3 57. Kb1 Kb3 58. Ka1 Ka4 59. Kb1 b3 60. Kc1 b2+ 0-1

[Event "FRA-chT2 South 0809"]
[Site "France"]
[Date "2008.12.14"]
[Round "4.4"]
[White "Relea, Nicolas"]
[Black "Randisi, Alexandre"]
[Result "1-0"]
[WhiteElo "2186"]
[BlackElo "2126"]
[PlyCount "89"]
[EventDate "2008.10.12"]
[EventType "tourn"]
[EventRounds "11"]
[EventCountry "FRA"]
[SourceTitle "EXT 2010"]
[Source "ChessBase"]
[SourceDate "2010.11.25"]
[SourceVersion "1"]
[SourceVersionDate "2010.11.25"]
[SourceQuality "1"]
[WhiteTeam "Condom"]
[BlackTeam "Clermont Ferrand"]
[WhiteTeamCountry "FRA"]
[BlackTeamCountry "FRA"]

1. Nc3 g6 2. e4 c5 3. d3 Nc6 4. g3 Bg7 5. Bg2 e6 6. Be3 Nd4 7. f4 d6 8. Nf3 Ne7 9. 0-0 Nec6 10. e5 d5 11. Na4 Nxf3+ 12. Bxf3 b6 13. c4 Bb7 14. cxd5 exd5 15. Nc3 d4 16. Ne4 0-0 17. Bd2 Ne7 18. Nf6+ Bxf6 19. Bxb7 Bg7 20. Qf3 Rb8 21. Rae1 Qd7 22. Be4 f5 23. exf6 Rxf6 24. b3 Nf5 25. g4 Ne3 26. Bxe3 dxe3 27. Rxe3 Rbf8 28. Qg3 Qd4 29. Kh1 Re6 30. Ref3 Rxe4 31. dxe4 Qxe4 32. Qe1 Qd5 33. Qg3 b5 34. Qg2 c4 35. bxc4 bxc4 36. f5 Qe5 37. fxg6 hxg6 38. Rxf8+ Bxf8 39. Qa8 Qc5 40. Qe4 Bg7 41. Qe6+ Kh8 42. Rf3 Qg5 43. Qxc4 Qh4 44. Kg2 Bh6 45. Qc8+ 1-0

[Event "FRA-chT2 South 0809"]
[Site "France"]
[Date "2008.11.23"]
[Round "3.6"]
[White "Valentin, Dominique"]
[Black "Relea, Nicolas"]
[Result "0-1"]
[WhiteElo "1957"]
[BlackElo "2186"]
[PlyCount "132"]
[EventDate "2008.10.12"]
[EventType "tourn"]
[EventRounds "11"]
[EventCountry "FRA"]
[SourceTitle "EXT 2010"]
[Source "ChessBase"]
[SourceDate "2010.11.25"]
[SourceVersion "1"]
[SourceVersionDate "2010.11.25"]
[SourceQuality "1"]
[WhiteTeam "Avignon"]
[BlackTeam "Condom"]
[WhiteTeamCountry "FRA"]
[BlackTeamCountry "FRA"]

1. e4 Nc6 2. d4 d5 3. e5 Bf5 4. Nf3 f6 5. Bd3 Qd7 6. 0-0 Bxd3 7. Qxd3 0-0-0 8. a4 e6 9. Bd2 Nge7 10. b4 Ng6 11. b5 Nb8 12. Na3 fxe5 13. dxe5 Bc5 14. Qc3 Be7 15. Be3 Rhf8 16. Rfd1 Rxf3 17. gxf3 Rf8 18. Nc4 Nh4 19. f4 Qe8 20. Nd6+ Bxd6 21. exd6 Qg6+ 22. Kf1 Rf7 23. Bxa7 Qg2+ 24. Ke2 Qe4+ 25. Be3 Rd7 26. Rg1 Qf3+ 27. Kd2 Nf5 28. Qe5 d4 29. Qxe6 dxe3+ 30. fxe3 g6 31. Raf1 Qh5 32. Rg2 Nxd6 33. Kc1 Qf5 34. Qg8+ Rd8 35. Qxh7 Qe4 36. Qxg6 Qxa4 37. Qe6+ Nd7 38. Rfg1 Nc4 39. Kd1 Kb8 40. Ke2 Nf8 41. Qf5 Qa3 42. Qe4 Qc5 43. Rg5 Qb4 44. Rd5 Rc8 45. Rd4 Qxb5 46. Rxc4 Re8 47. Qd3 Qh5+ 48. Kf2 Qxh2+ 49. Rg2 Qh4+ 50. Kf1 Qh1+ 51. Kf2 Qh4+ 52. Ke2 Ne6 53. Qf5 Qd8 54. Kf3 Qd1+ 55. Kf2 Qd2+ 56. Kf3 Nd4+ 57. Rxd4 Rxe3+ 58. Kg4 Qxg2+ 59. Kh5 Rh3+ 60. Qxh3 Qxh3+ 61. Kg5 Qg2+ 62. Kf6 Qxc2 63. Rd8+ Ka7 64. f5 b5 65. Ke6 Qe4+ 66. Kf6 Qh4+ 0-1

[Event "FRA-chT2 South 0809"]
[Site "France"]
[Date "2008.11.22"]
[Round "2.6"]
[White "Relea, Nicolas"]
[Black "Mourot, Jean Pierre"]
[Result "1/2-1/2"]
[WhiteElo "2186"]
[BlackElo "2037"]
[PlyCount "65"]
[EventDate "2008.10.12"]
[EventType "tourn"]
[EventRounds "11"]
[EventCountry "FRA"]
[SourceTitle "EXT 2010"]
[Source "ChessBase"]
[SourceDate "2010.11.25"]
[SourceVersion "1"]
[SourceVersionDate "2010.11.25"]
[SourceQuality "1"]
[WhiteTeam "Condom"]
[BlackTeam "Hyeres II"]
[WhiteTeamCountry "FRA"]
[BlackTeamCountry "FRA"]

1. Nc3 d5 2. e4 dxe4 3. Nxe4 Nf6 4. Ng5 Bf5 5. Bc4 e6 6. Qf3 c6 7. d3 Bg4 8. Qg3 Bd6 9. Qh4 Nbd7 10. N1f3 Nf8 11. Ne4 Bxf3 12. Nxd6+ Qxd6 13. gxf3 Ng6 14. Qg3 Qxg3 15. hxg3 Ne5 16. Ke2 Nxc4 17. dxc4 0-0 18. Be3 a6 19. Rad1 h6 20. Bb6 a5 21. Rd4 Ra6 22. Bd8 Nh7 23. a4 Re8 24. Rhd1 Nf8 25. Bc7 f6 26. Rd8 Ra8 27. Rxe8 Rxe8 28. Rd8 Rxd8 29. Bxd8 Nd7 30. Bxa5 h5 31. f4 Kf7 32. Kf3 e5 33. Bc7 1/2-1/2

[Event "FRA-chT2 South 0607"]
[Site "France"]
[Date "2007.03.18"]
[Round "9.7"]
[White "Relea, Nicolas"]
[Black "Caron, Damien"]
[Result "1-0"]
[WhiteElo "2144"]
[BlackElo "1969"]
[PlyCount "49"]
[EventDate "2006.10.15"]
[EventType "team-tourn"]
[EventRounds "11"]
[EventCountry "FRA"]
[SourceTitle "EXT 2008"]
[Source "ChessBase"]
[SourceDate "2007.11.25"]
[SourceVersion "1"]
[SourceVersionDate "2007.11.25"]
[SourceQuality "1"]
[WhiteTeam "Condom"]
[BlackTeam "Ales ASPTT"]
[WhiteTeamCountry "FRA"]
[BlackTeamCountry "FRA"]

1. Nc3 e6 2. e4 d5 3. d4 Bb4 4. Qd3 Qd7 5. a3 Bxc3+ 6. bxc3 b6 7. Qg3 f6 8. exd5 exd5 9. Bf4 Qe7+ 10. Kd2 Kf7 11. Bxc7 Nc6 12. Bb5 Na5 13. Nf3 Nc4+ 14. Bxc4 dxc4 15. Qf4 Kg6 16. Rhe1 Qd7 17. Qe4+ Kf7 18. Qxa8 Qxc7 19. Qd5+ Kg6 20. Qe4+ Kh6 21. Qh4+ Kg6 22. Qg3+ Qxg3 23. hxg3 Nh6 24. Re7 a6 25. Nh4+ 1-0

[Event "FRA-chT2 South 0607"]
[Site "France"]
[Date "2007.01.20"]
[Round "5.2"]
[White "Georgiev, Krum"]
[Black "Relea, Nicolas"]
[Result "1-0"]
[WhiteElo "2507"]
[BlackElo "2144"]
[PlyCount "39"]
[EventDate "2006.10.15"]
[EventType "team-tourn"]
[EventRounds "11"]
[EventCountry "FRA"]
[SourceTitle "EXT 2008"]
[Source "ChessBase"]
[SourceDate "2007.11.25"]
[SourceVersion "1"]
[SourceVersionDate "2007.11.25"]
[SourceQuality "1"]
[WhiteTeam "Saint Affrique"]
[BlackTeam "Condom"]
[WhiteTeamCountry "FRA"]
[BlackTeamCountry "FRA"]

1. e4 Nc6 2. Nf3 d5 3. exd5 Qxd5 4. Nc3 Qa5 5. Bb5 Bd7 6. b4 Qxb4 7. Rb1 Qg4 8. 0-0 e6 9. Re1 Nf6 10. d4 Bd6 11. h3 Qh5 12. Be2 Qa5 13. Rb5 Qa6 14. Ne5 0-0 15. Bd3 g6 16. Bg5 Nxd4 17. Rd5 Nxd5 18. Bxa6 Bxe5 19. Nxd5 Bg7 20. Nf6+ 1-0

[Event "FRA-chT2 South 0607"]
[Site "France"]
[Date "2006.11.25"]
[Round "2.6"]
[White "Relea, Nicolas"]
[Black "Forestier, Flavien"]
[Result "1/2-1/2"]
[WhiteElo "2137"]
[BlackElo "2192"]
[PlyCount "72"]
[EventDate "2006.10.15"]
[EventType "team-tourn"]
[EventRounds "11"]
[EventCountry "FRA"]
[SourceTitle "EXT 2008"]
[Source "ChessBase"]
[SourceDate "2007.11.25"]
[SourceVersion "1"]
[SourceVersionDate "2007.11.25"]
[SourceQuality "1"]
[WhiteTeam "Condom"]
[BlackTeam "Grasse"]
[WhiteTeamCountry "FRA"]
[BlackTeamCountry "FRA"]

1. Nc3 d5 2. e4 e6 3. d4 Nf6 4. Bg5 dxe4 5. Nxe4 Be7 6. Nxf6+ Bxf6 7. Bxf6 Qxf6 8. Qd2 0-0 9. Nf3 c5 10. Bd3 cxd4 11. Nxd4 e5 12. Nb5 Qe7 13. 0-0 Be6 14. Qe3 Nc6 15. f4 f6 16. a3 a6 17. Nc3 Rae8 18. Rad1 exf4 19. Rxf4 Ne5 20. Be2 b5 21. Nd5 Qb7 22. Rfd4 Bxd5 23. Rxd5 Ng6 24. Qb3 Kh8 25. Bf3 Qb6+ 26. Kh1 Qf2 27. h3 Nh4 28. Qd3 Re1+ 29. Rxe1 Qxe1+ 30. Kh2 Nxf3+ 31. gxf3 h6 32. Rd8 Qf2+ 33. Kh1 Rxd8 34. Qxd8+ Kh7 35. Qd3+ Kh8 36. Qd8+ Kh7 1/2-1/2

[Event "FRA-chT2 0405"]
[Site "France"]
[Date "2004.11.06"]
[Round "2.6"]
[White "Relea, Nicolas"]
[Black "Nekam Tchassem, Arnaud"]
[Result "1-0"]
[WhiteElo "2082"]
[BlackElo "2115"]
[PlyCount "71"]
[EventDate "2004.10.10"]
[EventType "team-tourn"]
[EventRounds "11"]
[EventCountry "FRA"]
[SourceTitle "EXT 2006"]
[Source "ChessBase"]
[SourceDate "2005.11.24"]
[SourceVersion "1"]
[SourceVersionDate "2005.11.24"]
[SourceQuality "1"]
[BlackTeam "Echiquier Nicois  II"]
[BlackTeamCountry "FRA"]

1. Nc3 c5 2. e4 Nc6 3. g3 g6 4. Bg2 Bg7 5. d3 e6 6. Be3 d6 7. f4 Nge7 8. Nf3 Nd4 9. 0-0 0-0 10. e5 Bd7 11. Ne4 Nef5 12. Bf2 Bc6 13. Nfd2 dxe5 14. fxe5 Bd5 15. c3 Nc6 16. Bxc5 Bxe5 17. Qe2 Re8 18. Nf3 Bg7 19. Qf2 f6 20. Rad1 Qc7 21. g4 Nfe7 22. Nfd2 Rf8 23. Qh4 g5 24. Qe1 Rad8 25. c4 Bxe4 26. Nxe4 b6 27. Bf2 Ng6 28. Bg3 Qd7 29. Qd2 Nd4 30. Qf2 e5 31. h4 Qxg4 32. hxg5 fxg5 33. Qe3 Nf4 34. Bxf4 Ne2+ 35. Kh2 Nxf4 36. Qf3 1-0

[Event "FRA-chT2 0405"]
[Site "France"]
[Date "2004.10.10"]
[Round "1.7"]
[White "Scandella, Thierry"]
[Black "Relea, Nicolas"]
[Result "1-0"]
[WhiteElo "2170"]
[BlackElo "2082"]
[PlyCount "117"]
[EventDate "2004.10.10"]
[EventType "team-tourn"]
[EventRounds "11"]
[EventCountry "FRA"]
[SourceTitle "EXT 2006"]
[Source "ChessBase"]
[SourceDate "2005.11.24"]
[SourceVersion "1"]
[SourceVersionDate "2005.11.24"]
[SourceQuality "1"]
[WhiteTeam "Tournefeuille"]
[BlackTeam "Condom"]
[WhiteTeamCountry "FRA"]
[BlackTeamCountry "FRA"]

1. Nf3 Nc6 2. d4 d5 3. e3 Bg4 4. Be2 Qd7 5. 0-0 f6 6. b3 0-0-0 7. Bb2 e6 8. c4 Nge7 9. Nc3 Bxf3 10. Bxf3 f5 11. Rc1 g5 12. cxd5 exd5 13. Na4 Ng6 14. Nc5 Bxc5 15. Rxc5 Qf7 16. Ba3 g4 17. Be2 Rd6 18. b4 Nge7 19. b5 Rh6 20. h4 Rxh4 21. g3 Rh6 22. Kg2 Qe6 23. bxc6 Qe4+ 24. f3 Qxe3 25. cxb7+ Kb8 26. Bc1 Qe6 27. Bxh6 Qxh6 28. Rh1 Qe3 29. fxg4 fxg4 30. Qd3 Qg5 31. Rh4 Nf5 32. Rc3 Re8 33. Rxg4 Qf6 34. Qf3 Qe6 35. Bf1 h5 36. Qf4 Ne3+ 37. Rxe3 Qxe3 38. Qxe3 Rxe3 39. Rg5 Ra3 40. Rxd5 Rxa2+ 41. Kf3 Kxb7 42. Rxh5 a5 43. g4 Ra4 44. Ke3 Ra1 45. Be2 Kc6 46. Rc5+ Kd6 47. g5 a4 48. Ra5 a3 49. Bc4 Rg1 50. Bf7 Ke7 51. g6 Rg2 52. Kf3 Rd2 53. Ke4 Re2+ 54. Kd5 Re3 55. Kc4 Rg3 56. Ra7 Kd6 57. Kb4 Rg4 58. Kxa3 Rg1 59. Kb4 1-0

[Event "FRA-chT2 0304a"]
[Site "France"]
[Date "2004.01.18"]
[Round "6.7"]
[White "Relea, Nicolas"]
[Black "Bramme, Emmanuelle"]
[Result "1-0"]
[WhiteElo "2082"]
[BlackElo "2041"]
[PlyCount "87"]
[EventDate "2003.10.??"]
[EventType "team-tourn"]
[EventRounds "11"]
[EventCountry "FRA"]
[SourceTitle "EXT 2005"]
[Source "ChessBase"]
[SourceDate "2004.11.15"]
[SourceVersion "1"]
[SourceVersionDate "2004.11.15"]
[SourceQuality "1"]
[WhiteTeam "Condom"]
[BlackTeam "Antibes"]
[WhiteTeamCountry "FRA"]
[BlackTeamCountry "FRA"]

1. Nc3 g6 2. e4 Bg7 3. d4 d6 4. Be3 Nf6 5. f3 Nbd7 6. Qd2 c6 7. Nge2 0-0 8. g4 e5 9. Ng3 exd4 10. Bxd4 Ne5 11. Be2 Be6 12. g5 Nfd7 13. f4 c5 14. Bxe5 Nxe5 15. fxe5 Bxe5 16. 0-0-0 Qa5 17. Nd5 Qxa2 18. c3 Qa1+ 19. Kc2 Qa4+ 20. Kb1 b5 21. Rhf1 b4 22. c4 Bxd5 23. exd5 b3 24. Bd3 Rab8 25. Ne4 Qa2+ 26. Kc1 Qa1+ 27. Bb1 Rb4 28. Nc3 Rxc4 29. Rf3 Rh4 30. h3 a5 31. Rdf1 a4 32. Nb5 Rc4+ 33. Rc3 Rd4 34. Nxd4 Bxd4 35. Rcf3 a3 36. bxa3 Qxa3+ 37. Kd1 Qa4 38. Qe2 b2+ 39. Qc2 Qa6 40. h4 Be5 41. h5 c4 42. hxg6 hxg6 43. Rxf7 Rxf7 44. Qxg6+ 1-0

[Event "FRA-chT2 0304"]
[Site "France"]
[Date "2003.10.12"]
[Round "1"]
[White "Carmeille, Ludovic"]
[Black "Relea, Nicolas"]
[Result "1-0"]
[WhiteElo "2114"]
[BlackElo "2082"]
[PlyCount "67"]
[EventDate "2003.10.??"]
[EventType "team-tourn"]
[EventRounds "11"]
[EventCountry "FRA"]
[SourceTitle "EXT 2005"]
[Source "ChessBase"]
[SourceDate "2004.11.15"]
[SourceVersion "1"]
[SourceVersionDate "2004.11.15"]
[SourceQuality "1"]

1. e4 Nc6 2. Nf3 d6 3. Bc4 Nf6 4. d3 Bg4 5. Nbd2 e6 6. h3 Bh5 7. Bb5 a6 8. Bxc6+ bxc6 9. Nf1 d5 10. Qe2 Qb8 11. Ng3 Bg6 12. 0-0 Bc5 13. Ne5 Qb6 14. c3 a5 15. h4 h6 16. Nxg6 fxg6 17. e5 Nd7 18. Qg4 Nf8 19. Ne2 g5 20. hxg5 h5 21. Qh3 g6 22. Nf4 Kd7 23. Be3 Re8 24. Rab1 Rh7 25. b4 axb4 26. Rxb4 Qa5 27. Bxc5 Qxc5 28. d4 Qe7 29. Qh4 Ra8 30. Nd3 Ke8 31. Rfb1 Nd7 32. Rb7 Rxa2 33. Rxc7 Qd8 34. Rxc6 1-0

[Event "FRA-chT2S 9900"]
[Site "France"]
[Date "2000.02.06"]
[Round "7"]
[White "Desnos, Alexandre"]
[Black "Relea, Nicolas"]
[Result "1/2-1/2"]
[WhiteElo "2135"]
[BlackElo "2144"]
[PlyCount "131"]
[EventDate "1999.01.15"]
[EventType "team-tourn"]
[EventRounds "7"]
[EventCountry "FRA"]
[SourceTitle "EXT 2002"]
[Source "ChessBase"]
[SourceDate "2001.11.25"]
[SourceVersion "1"]
[SourceVersionDate "2001.11.25"]
[SourceQuality "1"]

1. d4 Nc6 2. c4 e5 3. d5 Nce7 4. e4 Ng6 5. Nc3 Bc5 6. Nf3 Nf6 7. h3 0-0 8. Bg5 d6 9. Qc2 h6 10. Bd2 a5 11. Bd3 Nh5 12. g3 Nf6 13. Nd1 Nxe4 14. Bxe4 f5 15. Nxe5 Nxe5 16. Bg2 Qe8 17. 0-0 Qh5 18. Be3 Bxe3 19. fxe3 b6 20. b3 Bd7 21. Nc3 Qg5 22. Qf2 Nd3 23. Qd2 Nc5 24. Kh2 Rae8 25. Rae1 Re5 26. Re2 Qe7 27. Rfe1 Re8 28. e4 fxe4 29. Nxe4 Nxe4 30. Rxe4 Qf6 31. Rxe5 Rxe5 32. Rxe5 Qxe5 33. Qf2 Bf5 34. h4 g5 35. hxg5 hxg5 36. Qd2 Bg4 37. Bh3 Qe2+ 38. Qxe2 Bxe2 39. Bf5 a4 40. Bc2 Kf7 41. Kg2 axb3 42. axb3 Kf6 43. Kf2 Bg4 44. Ke3 Ke5 45. Bb1 Bd1 46. b4 b5 47. cxb5 Kxd5 48. Ba2+ Ke5 49. Bf7 d5 50. Bg6 Bg4 51. Bf7 Bd7 52. Bg6 Bxb5 53. Bc2 d4+ 54. Kd2 Kd5 55. Bb3+ Ke4 56. Bd1 d3 57. Bh5 Kd4 58. Bf7 Bc4 59. Bg6 Bb5 60. Bf7 Bc6 61. Be6 Bf3 62. Bc8 Be2 63. Ba6 c6 64. b5 cxb5 65. Bxb5 Ke4 66. Bc6+ 1/2-1/2